=LDR 00000nam 2200000 4500 =001 INLIS000000000055100 =005 20200312105422 =035 ##$$a 0010-0320000207 =007 ta =008 200312###########################0#ind## =020 ##$$a 978-602-0808-02-4 =082 ##$$a 612.3 =084 ##$$a 612.3 And h =245 1#$$a Hidup 100 tahun dengan Food Combining /$c Andari Sakhi, Amar Sains =250 ##$$a cet 1 =300 ##$$a 209 halaman : $b Ilustrasi ; $c 21 Cm. =650 #4$$a Gizi =700 #$$a Penynting ; Eista Swaesti =504 ##$$a Bibliografi : halaman 203 - 205 =264 ##$$a Jogyakarta :$b Trans Idea Publishing,$c 2015 =336 ##$$a Teks$2 rdacontent =337 ##$$a lain-lain$2 rdamedia =338 ##$$a lain-lain$2 rdacarrier =990 ##$$a 19361936 =990 ##$$a 19361936